[Event "ODJM B 2024"]
[Site "Willingen GER"]
[Date "2024.05.22"]
[Round "6"]
[White "Stülcken, Philipp"]
[Black "Er, Sadik Bugra"]
[Result "1/2-1/2"]
[Termination "normal"]
[Board "11"]
[WhiteElo "1780"]
[BlackElo "1688"]
[WhiteClock "01:19:57"]
[BlackClock "01:09:49"]
[PlyCount "32"]
[WhiteFideId "12986232"]
[BlackFideId "34660410"]
[EventCountry "GER"]
[EventRounds "9"]
[EventType "swiss"]
[EventDate "2024.05.18"]

1. e4 {[%clk 01:30:53]} {[%emt 00:00:07]} e5 {[%clk 01:30:59]} {[%emt
00:00:02]} 2. Nf3 {[%clk 01:31:17]} {[%emt 00:00:05]} Nc6 {[%clk 01:31:25]}
{[%emt 00:00:04]} 3. Bc4 {[%clk 01:31:38]} {[%emt 00:00:09]} Nf6 {[%clk
01:31:49]} {[%emt 00:00:06]} 4. O-O {[%clk 01:30:28]} {[%emt 00:01:40]} Bc5
{[%clk 01:30:55]} {[%emt 00:01:23]} 5. d4 {[%clk 01:30:43]} {[%emt 00:00:16]}
Bxd4 {[%clk 01:29:17]} {[%emt 00:02:08]} 6. Nxd4 {[%clk 01:31:06]} {[%emt
00:00:07]} Nxd4 {[%clk 01:29:41]} {[%emt 00:00:06]} 7. Bg5 {[%clk 01:31:28]}
{[%emt 00:00:08]} d6 {[%clk 01:28:58]} {[%emt 00:01:13]} 8. f4 {[%clk
01:31:41]} {[%emt 00:00:17]} h6 {[%clk 01:28:42]} {[%emt 00:00:46]} 9. Bh4
{[%clk 01:31:53]} {[%emt 00:00:18]} Be6 {[%clk 01:26:36]} {[%emt 00:02:35]} 10.
Na3 {[%clk 01:32:13]} {[%emt 00:00:11]} Qe7 {[%clk 01:25:12]} {[%emt 00:01:54]}
11. fxe5 {[%clk 01:29:35]} {[%emt 00:03:09]} dxe5 {[%clk 01:25:16]} {[%emt
00:00:25]} 12. c3 {[%clk 01:24:04]} {[%emt 00:06:01]} Nc6 {[%clk 01:24:15]}
{[%emt 00:01:31]} 13. Qf3 {[%clk 01:20:18]} {[%emt 00:04:17]} Qc5+ {[%clk
01:11:04]} {[%emt 00:13:39]} 14. Bf2 {[%clk 01:20:10]} {[%emt 00:00:38]} Qe7
{[%clk 01:10:35]} {[%emt 00:00:59]} 15. Bh4 {[%clk 01:19:35]} {[%emt 00:01:05]}
Qc5+ {[%clk 01:09:27]} {[%emt 00:01:39]} 16. Bf2 {[%clk 01:19:57]} {[%emt
00:00:07]} Qe7 {[%clk 01:09:49]} {[%emt 00:00:08]} 1/2-1/2

[Event "ODJM B 2024"]
[Site "Willingen GER"]
[Date "2024.05.22"]
[Round "6"]
[White "Tran, Minh Dat"]
[Black "Reuter, Luca Marek"]
[Result "1/2-1/2"]
[Termination "normal"]
[Board "12"]
[WhiteElo "1731"]
[BlackElo "1739"]
[WhiteClock "01:02:37"]
[BlackClock "01:14:35"]
[PlyCount "41"]
[WhiteFideId "16244702"]
[BlackFideId "16226712"]
[EventCountry "GER"]
[EventRounds "9"]
[EventType "swiss"]
[EventDate "2024.05.18"]

1. c4 {[%clk 01:30:49]} {[%emt 00:00:11]} e5 {[%clk 01:29:07]} {[%emt
00:01:53]} 2. g3 {[%clk 01:31:15]} {[%emt 00:00:05]} c6 {[%clk 01:28:59]}
{[%emt 00:00:37]} 3. Bg2 {[%clk 01:26:04]} {[%emt 00:05:42]} d5 {[%clk
01:29:20]} {[%emt 00:00:09]} 4. e3 {[%clk 01:24:26]} {[%emt 00:02:07]} Nf6
{[%clk 01:28:18]} {[%emt 00:01:32]} 5. d4 {[%clk 01:19:58]} {[%emt 00:04:59]}
exd4 {[%clk 01:27:22]} {[%emt 00:01:26]} 6. exd4 {[%clk 01:19:07]} {[%emt
00:01:20]} dxc4 {[%clk 01:27:06]} {[%emt 00:00:46]} 7. Nf3 {[%clk 01:17:24]}
{[%emt 00:02:14]} Bd6 {[%clk 01:24:20]} {[%emt 00:03:15]} 8. O-O {[%clk
01:15:32]} {[%emt 00:02:21]} O-O {[%clk 01:24:41]} {[%emt 00:00:10]} 9. Nc3
{[%clk 01:15:49]} {[%emt 00:00:14]} Bf5 {[%clk 01:23:05]} {[%emt 00:02:05]} 10.
Ne5 {[%clk 01:11:37]} {[%emt 00:04:42]} Nbd7 {[%clk 01:21:56]} {[%emt
00:01:39]} 11. Nxc4 {[%clk 01:10:47]} {[%emt 00:01:20]} Bc7 {[%clk 01:20:53]}
{[%emt 00:01:33]} 12. Ne3 {[%clk 01:10:10]} {[%emt 00:01:08]} Bg6 {[%clk
01:18:59]} {[%emt 00:02:23]} 13. b3 {[%clk 01:09:30]} {[%emt 00:01:10]} Rb8
{[%clk 01:17:39]} {[%emt 00:01:50]} 14. Bb2 {[%clk 01:08:32]} {[%emt 00:01:28]}
Nb6 {[%clk 01:17:16]} {[%emt 00:00:52]} 15. Rc1 {[%clk 01:04:20]} {[%emt
00:04:43]} Qd7 {[%clk 01:14:51]} {[%emt 00:02:56]} 16. d5 {[%clk 01:01:51]}
{[%emt 00:02:59]} cxd5 {[%clk 01:14:10]} {[%emt 00:01:11]} 17. Ncxd5 {[%clk
01:01:46]} {[%emt 00:00:34]} Nfxd5 {[%clk 01:13:58]} {[%emt 00:00:42]} 18. Nxd5
{[%clk 01:02:06]} {[%emt 00:00:10]} Nxd5 {[%clk 01:14:25]} {[%emt 00:00:03]}
19. Qxd5 {[%clk 01:02:12]} {[%emt 00:00:24]} Qxd5 {[%clk 01:14:46]} {[%emt
00:00:10]} 20. Bxd5 {[%clk 01:02:37]} {[%emt 00:00:04]} Bb6 {[%clk 01:14:35]}
{[%emt 00:00:41]} 21. Be5 {[%emt 00:11:06]} 1/2-1/2

[Event "ODJM B 2024"]
[Site "Willingen GER"]
[Date "2024.05.22"]
[Round "6"]
[White "Reger, Christoph"]
[Black "Hierl, Andreas"]
[Result "1/2-1/2"]
[Termination "normal"]
[Board "13"]
[WhiteElo "1623"]
[BlackElo "1713"]
[WhiteClock "01:19:53"]
[BlackClock "01:30:31"]
[PlyCount "24"]
[WhiteFideId "16287606"]
[BlackFideId "34660496"]
[EventCountry "GER"]
[EventRounds "9"]
[EventType "swiss"]
[EventDate "2024.05.18"]

1. d4 {[%clk 01:30:58]} {[%emt 00:00:01]} Nf6 {[%clk 01:30:54]} {[%emt
00:00:06]} 2. Bf4 {[%clk 01:31:23]} {[%emt 00:00:06]} c5 {[%clk 01:31:18]}
{[%emt 00:00:06]} 3. e3 {[%clk 01:30:13]} {[%emt 00:01:39]} Qb6 {[%clk
01:31:36]} {[%emt 00:00:12]} 4. Nc3 {[%clk 01:27:07]} {[%emt 00:03:37]} Qxb2
{[%clk 01:30:24]} {[%emt 00:01:41]} 5. Nb5 {[%clk 01:22:24]} {[%emt 00:05:13]}
Nd5 {[%clk 01:30:01]} {[%emt 00:00:53]} 6. Rb1 {[%clk 01:18:43]} {[%emt
00:04:11]} Qxa2 {[%clk 01:30:03]} {[%emt 00:00:28]} 7. Ra1 {[%clk 01:18:04]}
{[%emt 00:01:10]} Qb2 {[%clk 01:30:06]} {[%emt 00:00:26]} 8. Rb1 {[%clk
01:18:18]} {[%emt 00:00:16]} Qa2 {[%clk 01:29:49]} {[%emt 00:00:47]} 9. Ra1
{[%clk 01:18:42]} {[%emt 00:00:07]} Qb2 {[%clk 01:29:45]} {[%emt 00:00:33]} 10.
Rb1 {[%clk 01:19:05]} {[%emt 00:00:08]} Qa2 {[%clk 01:30:02]} {[%emt 00:00:12]}
11. Ra1 {[%clk 01:19:27]} {[%emt 00:00:08]} Qb2 {[%clk 01:30:22]} {[%emt
00:00:10]} 12. Rb1 {[%clk 01:19:53]} {[%emt 00:00:05]} Qa2 {[%clk 01:30:31]}
{[%emt 00:01:12]} 1/2-1/2

[Event "ODJM B 2024"]
[Site "Willingen GER"]
[Date "2024.05.22"]
[Round "6"]
[White "Wang, Kaiwen"]
[Black "Kuhlmann, Nils Magnus"]
[Result "1/2-1/2"]
[Termination "normal"]
[Board "14"]
[WhiteElo "1701"]
[BlackElo "1757"]
[WhiteClock "00:34:45"]
[BlackClock "01:08:00"]
[PlyCount "68"]
[WhiteFideId "16279514"]
[BlackFideId "16287177"]
[EventCountry "GER"]
[EventRounds "9"]
[EventType "swiss"]
[EventDate "2024.05.18"]

1. e4 {[%clk 01:30:57]} {[%emt 00:00:02]} c6 {[%clk 01:30:52]} {[%emt
00:00:09]} 2. d4 {[%clk 01:31:23]} {[%emt 00:00:04]} d5 {[%clk 01:31:18]}
{[%emt 00:00:04]} 3. exd5 {[%clk 01:31:47]} {[%emt 00:00:06]} cxd5 {[%clk
01:31:44]} {[%emt 00:00:05]} 4. Bd3 {[%clk 01:32:01]} {[%emt 00:00:15]} Nc6
{[%clk 01:30:53]} {[%emt 00:01:21]} 5. c3 {[%clk 01:32:16]} {[%emt 00:00:16]}
Qc7 {[%clk 01:31:04]} {[%emt 00:00:18]} 6. Ne2 {[%clk 01:31:56]} {[%emt
00:00:48]} e6 {[%clk 01:29:38]} {[%emt 00:01:57]} 7. Bf4 {[%clk 01:31:51]}
{[%emt 00:00:35]} Bd6 {[%clk 01:30:05]} {[%emt 00:00:04]} 8. Bxd6 {[%clk
01:32:05]} {[%emt 00:00:16]} Qxd6 {[%clk 01:30:30]} {[%emt 00:00:04]} 9. O-O
{[%clk 01:32:06]} {[%emt 00:00:29]} Bd7 {[%clk 01:30:51]} {[%emt 00:00:10]} 10.
Nd2 {[%clk 01:31:30]} {[%emt 00:01:05]} Rc8 {[%clk 01:31:08]} {[%emt 00:00:14]}
11. f4 {[%clk 01:31:04]} {[%emt 00:00:56]} Nge7 {[%clk 01:28:28]} {[%emt
00:03:10]} 12. Nf3 {[%clk 01:29:57]} {[%emt 00:01:36]} Ng6 {[%clk 01:28:21]}
{[%emt 00:00:37]} 13. Ne5 {[%clk 01:28:28]} {[%emt 00:01:59]} O-O {[%clk
01:27:45]} {[%emt 00:01:07]} 14. Qb1 {[%clk 01:22:43]} {[%emt 00:06:14]} Nce7
{[%clk 01:26:25]} {[%emt 00:01:51]} 15. Qc2 {[%clk 01:15:06]} {[%emt 00:08:06]}
a6 {[%clk 01:23:45]} {[%emt 00:03:10]} 16. Rae1 {[%clk 01:10:46]} {[%emt
00:04:50]} Bb5 {[%clk 01:23:38]} {[%emt 00:00:38]} 17. Bxb5 {[%clk 01:05:47]}
{[%emt 00:05:29]} axb5 {[%clk 01:23:14]} {[%emt 00:00:54]} 18. Qb3 {[%clk
01:05:19]} {[%emt 00:00:58]} Ra8 {[%clk 01:21:31]} {[%emt 00:02:12]} 19. a3
{[%clk 01:04:36]} {[%emt 00:01:14]} Ra6 {[%clk 01:21:16]} {[%emt 00:00:45]} 20.
Qxb5 {[%clk 01:02:25]} {[%emt 00:02:41]} Rb6 {[%clk 01:21:15]} {[%emt
00:00:31]} 21. Qd7 {[%clk 00:59:25]} {[%emt 00:03:29]} Qb8 {[%clk 01:17:51]}
{[%emt 00:03:54]} 22. Qa4 {[%clk 00:49:16]} {[%emt 00:10:39]} Nxe5 {[%clk
01:14:42]} {[%emt 00:03:40]} 23. dxe5 {[%clk 00:49:00]} {[%emt 00:00:45]} Rxb2
{[%clk 01:14:40]} {[%emt 00:00:32]} 24. Nd4 {[%clk 00:48:09]} {[%emt 00:01:20]}
Rb6 {[%clk 01:14:47]} {[%emt 00:00:24]} 25. Rb1 {[%clk 00:46:26]} {[%emt
00:02:12]} Qc7 {[%clk 01:13:33]} {[%emt 00:01:45]} 26. Qa5 {[%clk 00:45:11]}
{[%emt 00:01:45]} Nc8 {[%clk 01:12:29]} {[%emt 00:01:35]} 27. Rxb6 {[%clk
00:43:39]} {[%emt 00:02:02]} Qxb6 {[%clk 01:12:32]} {[%emt 00:00:27]} 28. Qxb6
{[%clk 00:43:45]} {[%emt 00:00:23]} Nxb6 {[%clk 01:13:00]} {[%emt 00:00:03]}
29. Rb1 {[%clk 00:43:39]} {[%emt 00:00:36]} Nc4 {[%clk 01:13:27]} {[%emt
00:00:03]} 30. a4 {[%clk 00:43:32]} {[%emt 00:00:37]} b6 {[%clk 01:13:32]}
{[%emt 00:00:24]} 31. Nb5 {[%clk 00:40:38]} {[%emt 00:03:23]} Ra8 {[%clk
01:12:45]} {[%emt 00:01:18]} 32. Rb4 {[%clk 00:39:41]} {[%emt 00:01:27]} Kf8
{[%clk 01:11:14]} {[%emt 00:02:01]} 33. Kf2 {[%clk 00:37:36]} {[%emt 00:02:35]}
Ke7 {[%clk 01:11:17]} {[%emt 00:00:28]} 34. Nd4 {[%clk 00:34:45]} {[%emt
00:03:20]} Kd7 {[%clk 01:08:00]} {[%emt 00:03:46]} 1/2-1/2

[Event "ODJM B 2024"]
[Site "Willingen GER"]
[Date "2024.05.22"]
[Round "6"]
[White "Uhlmann, Jonas"]
[Black "Meijers, Jaroslav"]
[Result "1-0"]
[Termination "normal"]
[Board "15"]
[WhiteElo "1842"]
[BlackElo "1704"]
[WhiteClock "01:28:04"]
[BlackClock "00:19:27"]
[PlyCount "109"]
[WhiteFideId "16258576"]
[BlackFideId "34143297"]
[EventCountry "GER"]
[EventRounds "9"]
[EventType "swiss"]
[EventDate "2024.05.18"]

1. e4 {[%clk 01:30:59]} c5 {[%clk 01:30:44]} {[%emt 00:00:17]} 2. g3 {[%clk
01:31:20]} {[%emt 00:00:09]} e6 {[%clk 01:30:53]} {[%emt 00:00:20]} 3. Bg2
{[%clk 01:31:42]} {[%emt 00:00:08]} Nc6 {[%clk 01:30:38]} {[%emt 00:00:45]} 4.
Ne2 {[%clk 01:32:05]} {[%emt 00:00:07]} d5 {[%clk 01:27:58]} {[%emt 00:03:10]}
5. exd5 {[%clk 01:31:35]} {[%emt 00:01:00]} exd5 {[%clk 01:28:19]} {[%emt
00:00:10]} 6. d4 {[%clk 01:31:52]} {[%emt 00:00:12]} Nf6 {[%clk 01:27:11]}
{[%emt 00:01:38]} 7. O-O {[%clk 01:31:24]} {[%emt 00:00:58]} cxd4 {[%clk
01:23:11]} {[%emt 00:04:31]} 8. Nxd4 {[%clk 01:31:45]} {[%emt 00:00:09]} Be7
{[%clk 01:23:03]} {[%emt 00:00:38]} 9. c4 {[%clk 01:29:40]} {[%emt 00:02:34]}
O-O {[%clk 00:59:37]} {[%emt 00:23:56]} 10. Nc3 {[%clk 01:23:03]} {[%emt
00:07:07]} Bg4 {[%clk 00:49:49]} {[%emt 00:10:18]} 11. Nxc6 {[%clk 01:18:02]}
{[%emt 00:05:32]} bxc6 {[%clk 00:46:47]} {[%emt 00:03:32]} 12. Qa4 {[%clk
01:18:21]} {[%emt 00:00:10]} Bd7 {[%clk 00:27:47]} {[%emt 00:19:31]} 13. cxd5
{[%clk 01:16:26]} {[%emt 00:02:24]} cxd5 {[%clk 00:22:45]} {[%emt 00:05:32]}
14. Qd4 {[%clk 01:12:59]} {[%emt 00:03:58]} Be6 {[%clk 00:20:31]} {[%emt
00:02:44]} 15. Bf4 {[%clk 01:12:14]} {[%emt 00:01:14]} Qa5 {[%clk 00:16:32]}
{[%emt 00:04:30]} 16. a3 {[%clk 01:06:28]} {[%emt 00:06:16]} Rac8 {[%clk
00:12:13]} {[%emt 00:04:48]} 17. b4 {[%clk 01:04:32]} {[%emt 00:02:27]} Qa6
{[%clk 00:11:16]} {[%emt 00:01:27]} 18. Rfd1 {[%clk 01:03:55]} {[%emt
00:01:07]} Rfd8 {[%clk 00:08:30]} {[%emt 00:03:15]} 19. Bf1 {[%clk 01:01:32]}
{[%emt 00:02:52]} Qb7 {[%clk 00:07:09]} {[%emt 00:01:53]} 20. Rac1 {[%clk
01:00:28]} {[%emt 00:01:34]} Nd7 {[%clk 00:04:26]} {[%emt 00:03:13]} 21. Nxd5
{[%clk 00:59:37]} {[%emt 00:01:21]} Bxd5 {[%clk 00:00:44]} {[%emt 00:04:12]}
22. Rxc8 {[%clk 00:59:41]} {[%emt 00:00:26]} Rxc8 {[%clk 00:00:48]} {[%emt
00:00:26]} 23. Qxd5 {[%clk 01:00:06]} {[%emt 00:00:05]} Qxd5 {[%clk 00:01:11]}
{[%emt 00:00:07]} 24. Rxd5 {[%clk 01:00:31]} {[%emt 00:00:04]} Nb8 {[%clk
00:00:33]} {[%emt 00:01:08]} 25. Bh3 {[%clk 01:00:38]} {[%emt 00:00:22]} Rf8
{[%clk 00:00:40]} {[%emt 00:00:25]} 26. Bxb8 {[%clk 01:00:52]} {[%emt
00:00:16]} Rxb8 {[%clk 00:01:02]} {[%emt 00:00:08]} 27. Rd7 {[%clk 01:01:19]}
{[%emt 00:00:02]} Bd8 {[%clk 00:00:46]} {[%emt 00:00:47]} 28. Rxa7 {[%clk
01:01:42]} {[%emt 00:00:07]} Bb6 {[%clk 00:01:05]} {[%emt 00:00:11]} 29. Ra6
{[%clk 01:01:55]} {[%emt 00:00:17]} Bd4 {[%clk 00:00:40]} {[%emt 00:00:54]} 30.
a4 {[%clk 01:02:00]} {[%emt 00:00:25]} g6 {[%clk 00:01:07]} {[%emt 00:00:03]}
31. b5 {[%clk 01:02:16]} {[%emt 00:00:15]} Kg7 {[%clk 00:00:36]} {[%emt
00:01:01]} 32. Kf1 {[%clk 01:01:37]} {[%emt 00:01:08]} h5 {[%clk 00:00:33]}
{[%emt 00:00:33]} 33. Bg2 {[%clk 01:00:18]} {[%emt 00:01:48]} g5 {[%clk
00:00:33]} {[%emt 00:00:30]} 34. Bc6 {[%clk 01:00:35]} {[%emt 00:00:14]} g4
{[%clk 00:00:34]} {[%emt 00:00:30]} 35. a5 {[%clk 01:00:59]} {[%emt 00:00:06]}
Rc8 {[%clk 00:00:44]} {[%emt 00:00:20]} 36. Kg2 {[%clk 00:58:59]} {[%emt
00:02:29]} f6 {[%clk 00:00:33]} {[%emt 00:00:41]} 37. Be4 {[%clk 00:59:11]}
{[%emt 00:00:18]} Re8 {[%clk 00:00:40]} {[%emt 00:00:23]} 38. Bd3 {[%clk
00:59:06]} {[%emt 00:00:35]} Rd8 {[%clk 00:00:33]} {[%emt 00:00:37]} 39. Be2
{[%clk 00:57:45]} {[%emt 00:01:51]} Re8 {[%clk 00:00:35]} {[%emt 00:00:28]} 40.
Kf1 {[%clk 00:58:08]} {[%emt 00:00:06]} Bc3 {[%clk 00:00:36]} {[%emt 00:00:30]}
41. Ra7+ {[%clk 00:58:10]} {[%emt 00:00:28]} Kg6 {[%clk 00:00:34]} {[%emt
00:00:32]} 42. b6 {[%clk 00:58:27]} {[%emt 00:00:14]} Bd4 {[%clk 00:28:43]}
{[%emt 00:02:20]} 43. Rd7 {[%clk 01:25:07]} {[%emt 00:03:50]} Bc5 {[%clk
00:22:05]} {[%emt 00:07:09]} 44. Rd5 {[%clk 01:24:56]} {[%emt 00:00:40]} Re5
{[%clk 00:21:48]} {[%emt 00:00:47]} 45. Rxc5 {[%clk 01:24:53]} {[%emt
00:00:34]} Rxc5 {[%clk 00:21:00]} {[%emt 00:01:18]} 46. b7 {[%clk 01:25:14]}
{[%emt 00:00:09]} Rc1+ {[%clk 00:21:23]} {[%emt 00:00:06]} 47. Kg2 {[%clk
01:25:39]} {[%emt 00:00:05]} Rb1 {[%clk 00:20:35]} {[%emt 00:01:18]} 48. a6
{[%clk 01:26:05]} {[%emt 00:00:05]} f5 {[%clk 00:20:19]} {[%emt 00:00:46]} 49.
a7 {[%clk 01:26:24]} {[%emt 00:00:10]} Rxb7 {[%clk 00:19:01]} {[%emt 00:01:48]}
50. a8=Q {[%clk 01:26:43]} {[%emt 00:00:10]} Re7 {[%clk 00:19:12]} {[%emt
00:00:20]} 51. Bc4 {[%clk 01:26:46]} {[%emt 00:00:27]} h4 {[%clk 00:19:21]}
{[%emt 00:00:21]} 52. Qg8+ {[%clk 01:27:05]} {[%emt 00:00:10]} Rg7 {[%clk
00:19:21]} {[%emt 00:00:31]} 53. Qe6+ {[%clk 01:27:16]} {[%emt 00:00:19]} Kg5
{[%clk 00:19:04]} {[%emt 00:00:48]} 54. gxh4+ {[%clk 01:27:38]} {[%emt
00:00:07]} Kxh4 {[%clk 00:19:27]} {[%emt 00:00:07]} 55. Qh6# {[%clk 01:28:04]}
{[%emt 00:00:04]} 1-0

[Event "ODJM B 2024"]
[Site "Willingen GER"]
[Date "2024.05.22"]
[Round "6"]
[White "Rotärmel, Leonie"]
[Black "Törpel, Cedrik"]
[Result "0-1"]
[Termination "normal"]
[Board "16"]
[WhiteElo "1674"]
[BlackElo "1779"]
[WhiteClock "00:01:03"]
[BlackClock "00:01:37"]
[PlyCount "78"]
[WhiteFideId "16281390"]
[BlackFideId "34660380"]
[EventCountry "GER"]
[EventRounds "9"]
[EventType "swiss"]
[EventDate "2024.05.18"]

1. e4 {[%clk 01:30:57]} {[%emt 00:00:02]} c6 {[%clk 01:30:50]} {[%emt
00:00:11]} 2. d4 {[%clk 01:31:22]} {[%emt 00:00:05]} d5 {[%clk 01:31:16]}
{[%emt 00:00:05]} 3. Nc3 {[%clk 01:31:47]} {[%emt 00:00:04]} dxe4 {[%clk
01:31:31]} {[%emt 00:00:15]} 4. Nxe4 {[%clk 01:32:09]} {[%emt 00:00:07]} Bf5
{[%clk 01:31:43]} {[%emt 00:00:18]} 5. Ng3 {[%clk 01:32:32]} {[%emt 00:00:08]}
Bg6 {[%clk 01:32:08]} {[%emt 00:00:06]} 6. h4 {[%clk 01:32:57]} {[%emt
00:00:04]} h6 {[%clk 01:32:28]} {[%emt 00:00:10]} 7. h5 {[%clk 01:33:15]}
{[%emt 00:00:12]} Bh7 {[%clk 01:32:53]} {[%emt 00:00:05]} 8. Nf3 {[%clk
01:33:42]} {[%emt 00:00:03]} Nd7 {[%clk 01:32:37]} {[%emt 00:00:46]} 9. Bd3
{[%clk 01:33:59]} {[%emt 00:00:13]} Bxd3 {[%clk 01:33:02]} {[%emt 00:00:06]}
10. Qxd3 {[%clk 01:34:25]} {[%emt 00:00:04]} e6 {[%clk 01:31:46]} {[%emt
00:01:46]} 11. Bd2 {[%clk 01:34:38]} {[%emt 00:00:17]} Ngf6 {[%clk 01:29:09]}
{[%emt 00:03:07]} 12. O-O-O {[%clk 01:34:36]} {[%emt 00:00:31]} a5 {[%clk
01:18:03]} {[%emt 00:11:36]} 13. Ne4 {[%clk 01:28:53]} {[%emt 00:06:12]} Nxe4
{[%clk 01:16:16]} {[%emt 00:02:18]} 14. Qxe4 {[%clk 01:29:12]} {[%emt
00:00:10]} Nf6 {[%clk 01:16:18]} {[%emt 00:00:29]} 15. Qe2 {[%clk 01:28:34]}
{[%emt 00:01:08]} Bb4 {[%clk 01:10:48]} {[%emt 00:06:00]} 16. c3 {[%clk
00:43:46]} {[%emt 00:45:18]} Be7 {[%clk 01:00:38]} {[%emt 00:10:40]} 17. Kb1
{[%clk 00:35:03]} {[%emt 00:09:13]} Qd5 {[%clk 00:36:20]} {[%emt 00:24:48]} 18.
Qe5 {[%clk 00:29:23]} {[%emt 00:06:09]} Bd6 {[%clk 00:28:29]} {[%emt 00:08:22]}
19. Qxd5 {[%clk 00:29:21]} {[%emt 00:00:31]} cxd5 {[%clk 00:27:15]} {[%emt
00:01:45]} 20. Rh4 {[%clk 00:24:41]} {[%emt 00:05:09]} Ne4 {[%clk 00:24:40]}
{[%emt 00:03:06]} 21. Be3 {[%clk 00:23:04]} {[%emt 00:02:07]} b5 {[%clk
00:22:33]} {[%emt 00:02:37]} 22. Ne5 {[%clk 00:19:32]} {[%emt 00:04:01]} Ra6
{[%clk 00:15:02]} {[%emt 00:08:03]} 23. Rg4 {[%clk 00:08:14]} {[%emt 00:11:47]}
Rg8 {[%clk 00:10:46]} {[%emt 00:04:46]} 24. Rf1 {[%clk 00:02:02]} {[%emt
00:06:40]} Nf6 {[%clk 00:08:56]} {[%emt 00:02:21]} 25. Rh4 {[%clk 00:02:19]}
{[%emt 00:00:13]} Ke7 {[%clk 00:05:14]} {[%emt 00:04:13]} 26. f4 {[%clk
00:01:32]} {[%emt 00:01:17]} Ne4 {[%clk 00:04:11]} {[%emt 00:01:33]} 27. Nd3
{[%clk 00:01:06]} {[%emt 00:00:56]} f5 {[%clk 00:01:44]} {[%emt 00:02:57]} 28.
Rh3 {[%clk 00:00:58]} {[%emt 00:00:37]} b4 {[%clk 00:01:39]} {[%emt 00:00:36]}
29. cxb4 {[%clk 00:00:58]} {[%emt 00:00:30]} axb4 {[%clk 00:01:42]} {[%emt
00:00:27]} 30. Nc5 {[%clk 00:01:02]} {[%emt 00:00:25]} Bxc5 {[%clk 00:01:50]}
{[%emt 00:00:23]} 31. dxc5 {[%clk 00:01:13]} {[%emt 00:00:18]} Rga8 {[%clk
00:01:47]} {[%emt 00:00:33]} 32. Kc2 {[%clk 00:01:09]} {[%emt 00:00:35]} Rxa2
{[%clk 00:01:26]} {[%emt 00:00:51]} 33. Bd4 {[%clk 00:01:26]} {[%emt 00:00:13]}
Kf7 {[%clk 00:00:53]} {[%emt 00:01:03]} 34. Rc1 {[%clk 00:01:21]} {[%emt
00:00:34]} Ra1 {[%clk 00:00:56]} {[%emt 00:00:28]} 35. Rxa1 {[%clk 00:01:29]}
{[%emt 00:00:22]} Rxa1 {[%clk 00:01:24]} {[%emt 00:00:02]} 36. Kb3 {[%clk
00:01:17]} {[%emt 00:00:41]} Rc1 {[%clk 00:01:43]} {[%emt 00:00:12]} 37. c6
{[%clk 00:00:40]} {[%emt 00:01:07]} Rxc6 {[%clk 00:01:43]} {[%emt 00:00:30]}
38. Be5 {[%clk 00:00:53]} {[%emt 00:00:16]} Rc4 {[%clk 00:01:28]} {[%emt
00:00:46]} 39. Rd3 {[%clk 00:01:03]} {[%emt 00:00:19]} Nc5+ {[%clk 00:01:37]}
{[%emt 00:00:21]} 0-1